Transforming Tomorrow (Record no. 212859)

MARC details
000 -LEADER
fixed length control field 00735nam a22001817a 4500
005 - DATE AND TIME OF LATEST TRANSACTION
control field 20250804144853.0
010 ## - LCCN (DPL NO)
LC control number ENG-146333
020 ## - INTERNATIONAL STANDARD BOOK NUMBER
Terms of availability 650.00
International Standard Book Number 9789389934359
035 ## - SYSTEM CONTROL NUMBER
System control number EN-129865
037 ## - SOURCE OF ACQUISITION
Source of stock number/acquisition DBAD
082 ## - DEWEY DECIMAL CLASSIFICATION NUMBER
Classification number 621.381
245 ## - TITLE STATEMENT
Title Transforming Tomorrow
Statement of responsibility, etc Namit Gupta, Anjali Gupta, Naresh Purohit, Shiraz Husain
Remainder of title Innovative Solutions and Globlal Trends in Electrical and Electrocnics Engineering
260 ## - PUBLICATION, DISTRIBUTION, ETC. (IMPRINT)
Place of publication, distribution, etc Noida UP
Name of publisher, distributor, etc D-5,SECTOR -2
Date of publication, distribution, etc 2025
270 ## - ADDRESS
City Noida
Address D-5,Sector-2
Postal code 201 301
Telephone number 01204320295/ 2542557/4352866
Electronic mail address delhi.book@alliedpublishers.com
300 ## - PHYSICAL DESCRIPTION
Extent 189p.
Dimensions 25cm(hb)
700 ## - ADDED ENTRY--PERSONAL NAME
Personal name Gupta, Namit , Gupta Anjali, Naresh Purohit, Shairaz Husain
9 (RLIN) 83692
942 ## - ADDED ENTRY ELEMENTS (KOHA)
Item type English Books
Classification part 621.381
Call number suffix TRA
Edition 1
Source of classification or shelving scheme Dewey Decimal Classification
Holdings
Withdrawn status Lost status Not for loan Collection code Home library Current library Date acquired Source of acquisition Cost, normal purchase price Full call number Barcode Copy number Koha item type
      Non-fiction Janak Puri Janak Puri 04/08/2025 DBAD 650.00 621.381 TRA EN-129865 1 English Books

© Delhi Public Library
Hit Counter
free hit counter